000 00824nam a22002177a 4500
999 _c2509
_d2509
003 AR-CdUCM
008 190304b ||||| |||| 00| 0 spa d
040 _aMUNICIPALIDAD PROVINCIAL DEL CUSCO
_cBIBLIOTECA MUNICIPAL DEL CUSCO
082 _a330.980 /
_bSM61
100 _aSmith, Lynn T.
_98919
245 _aAmerica Latina en la encrucijada :
_bequilibrio entre población y alimentos /
260 _aBuenos Aires :
_bEdisar,
_c1978.
300 _a251 páginas ;
_c20 cm.
505 _aContenido: La carrera en dos paises importantes -- El crecimiento demográfico -- Obstáculos que impiden una mayor producción de alimentos -- El ángulo positivo.
650 _aAmerica latina
_91233
650 _aDemografia
_91556
650 _aPoblación
_93673
650 _aAlimentos
_97656
942 _2ddc
_cLIBROS
945 _azta